00351nam a2200133Ia 45000030006000000080041000060400015000471000041000622450053001032500010001562600022001665460012001880050017002000STCL150530s9999 xx 000 0 und d aSTCLcSTCL aPipes Louis, A.; Havili Lawrence, R. aApplied mathematics for engineers and physicists aThird bMcgraw hillc1982 aEnglish20220125170023.0